| 000 | 00789nas a2200265 4500 | ||
|---|---|---|---|
| 001 | BR2014006531 | ||
| 003 | BR-BrBNA | ||
| 005 | 20231205124633.0 | ||
| 007 | ta | ||
| 008 | 230509b bl.|||p| |||| 00| 00por d | ||
| 040 |
_aBR-BrBNA _bpor _cBiblioteca Nacional de Agricultura |
||
| 041 | _a(En) | ||
| 072 | _aH10 | ||
| 100 | 1 | _aParolin, P. | |
| 100 | 1 | _aBresch, C. | |
| 100 | 1 | _aPoncet, C. | |
| 100 | 1 | _aDesneux, N. | |
| 245 | 1 | _aIntroducing the therm "biocontrol plants" for integrated pest management | |
| 650 | _aPRAGA DE PLANTA | ||
| 650 | _aCONTROLE BIOLOGICO | ||
| 650 | _aCONTROLE INTEGRADO | ||
| 773 | 0 |
_tScientia Agricola (Brazil) _xISSN 0103-9016 _g(Jan-Feb 2014), v. 71(1) p. 77-80 _wBR2014006531 |
|
| 909 |
_a202311 _bLúcia _c55 _dLúcia Elande |
||
| 942 |
_2AGRIS _n0 _cANA |
||
| 999 |
_c240113 _d240113 |
||